[Event "Mallorca-chT"]
[Site "Palma de Mallorca"]
[Date "2002.02.09"]
[Round "4.4"]
[White "Miralles Salas, Antonio"]
[Black "Prohens, Jaume"]
[Result "1-0"]
[WhiteElo "2044"]
[BlackElo "2012"]
[PlyCount "70"]
[EventDate "2002.??.??"]
[EventType "team"]
[EventRounds "10"]
[EventCountry "ESP"]
[SourceTitle "EXT 2003"]
[Source "ChessBase"]
[SourceDate "2002.11.25"]
[SourceVersion "1"]
[SourceVersionDate "2002.11.25"]
[SourceQuality "1"]

1. d4 d5 2. c4 c6 3. Nc3 Nf6 4. Bg5 e6 5. e3 Be7 6. Nf3 Nbd7 7. Bd3 dxc4 8. Bxc4 b5 9. Bd3 Bb7 10. 0-0 0-0 11. Qc2 h6 12. Bh4 a6 13. Rfd1 Nh5 14. Bxe7 Qxe7 15. e4 c5 16. d5 exd5 17. Nxd5 Bxd5 18. exd5 Qd6 19. a4 Nf4 20. Bf1 Qg6 21. Qxg6 fxg6 22. axb5 axb5 23. Bxb5 Nf6 24. d6 Rxa1 25. Rxa1 Rd8 26. d7 Rxd7 27. Bxd7 Nxd7 28. Ra7 Nf6 29. Ne5 Kh7 30. g3 Ne6 31. f3 g5 32. Ra6 Nd4 33. Ra5 Ne6 34. Kf2 Nd5 35. Nd3 c4 1-0

[Event "Mallorca-chT"]
[Site "Palma de Mallorca"]
[Date "2002.02.02"]
[Round "3.3"]
[White "Cisneros Alomar, Javier"]
[Black "Prohens, Jaume"]
[Result "1-0"]
[WhiteElo "2205"]
[BlackElo "2012"]
[PlyCount "99"]
[EventDate "2002.??.??"]
[EventType "team"]
[EventRounds "10"]
[EventCountry "ESP"]
[SourceTitle "EXT 2003"]
[Source "ChessBase"]
[SourceDate "2002.11.25"]
[SourceVersion "1"]
[SourceVersionDate "2002.11.25"]
[SourceQuality "1"]

1. d4 d5 2. c4 c6 3. Nc3 Nf6 4. e3 Nbd7 5. Nf3 e6 6. Qc2 Bb4 7. Bd3 dxc4 8. Bxc4 b5 9. Be2 Bb7 10. 0-0 0-0 11. e4 Bxc3 12. bxc3 c5 13. e5 Be4 14. Qd2 Bxf3 15. Bxf3 Nd5 16. a4 bxa4 17. c4 N5b6 18. Bxa8 Qxa8 19. dxc5 Nxc5 20. Qe2 Rc8 21. Ra2 Nb3 22. Be3 Qe4 23. Bxb6 Qxe2 24. Rxe2 axb6 25. Rc2 b5 26. Rd1 g6 27. c5 Rxc5 28. Rd8+ Kg7 29. Rxc5 Nxc5 30. Rb8 Nd3 31. Rxb5 Kf8 32. Kf1 a3 33. Ra5 a2 34. f4 Nxf4 35. Rxa2 Kg7 36. Ra5 g5 37. Kf2 Kg6 38. Kf3 Kf5 39. g4+ Kg6 40. h4 h6 41. h5+ Kg7 42. Ke4 Ne2 43. Ke3 Nf4 44. Kd4 Nh3 45. Ra3 Nf2 46. Rg3 Nd1 47. Rg2 f6 48. exf6+ Kxf6 49. Rd2 e5+ 50. Kd3 1-0